000 00425nam a22001337a 4500
999 _c130398
_d130398
008 200312b ||||| |||| 00| 0 eng d
050 _aBX2179.L9
_bM672
100 _aMiranda J.V.
_949613
245 _aBreak through to person
_bretreat for religious
_cJ.V. Miranda
260 _aBombay
_bMadonna Publications
_c1991
300 _a185p. ;
_c22cm.
650 _aSpiritual exercises
_zCommentaries
_949614
942 _2lcc
_cMONOGRAPH